000 00654nam a2200229Ia 4500
003 OSt
005 20220923230136.0
006 a|||||r|||| 00| 0
007 ta
008 Pun
024 _a277,739
037 _cTextual
040 _aARTS
_cARTS
_bPun
041 _2Pun
_aPun
082 _aO153,.3NRA, H9
100 _aਮਲ੍ਹੀ, ਵਰਿਆਮ ਸਿੰਘ
_9156274
245 0 _aਰਾਜਿੰਦਰ ਅਰਥਾਤ ਮਾਸਟਰ ਜੀ
260 _c1949
650 _aਪੰਜਾਬੀ ਸਾਹਿਤ
942 _hO153,.3NRA, H9
_cTEXL
_2CC
999 _c382791
_d382791